000 01060nac a2200301 i 4500
003 EG-ScBUE
005 20240911114346.0
008 150827r20042003ii a f b 001 0 eng d
020 _a9788121922326
040 _aEG-ScBUE
_beng
_erda
_cEG-ScBUE
_dEG-ScBUE
082 0 4 _a511.1
_bSAR
_222
100 1 _aSarkar, Swapan Kumar,
_eauthor.
245 1 2 _aA textbook of discrete mathematics /
_cSwapan Kumar Sarkar, professor, Indian Railways Institute of Mechanical and Electrical Engineering.
250 _aSecond edition.
250 _aRevised edition.
264 1 _aNew Delhi :
_bS Chand and Company LTD,
_c2004.
300 _a644 pages :
_billustrations ;
_c25 cm
336 _2rdacontent
_atext
_btxt
337 _aunmediated
_2rdamedia
_bn
338 _avolume
_bnc
_2rdacarrier
504 _aIncludes bibliographical references and index.
590 _aMohamed Hussein
650 7 _aMathematics.
_2BUEsh
650 7 _aComputer science
_xMathematics.
_2BUEsh
653 _bENGGEN
_bCOMSCI
_cAugust2015
655 _vReading book
942 _cBB
_2ddc
999 _c1360
_d1360